|
|
|
|
| LEADER |
01283nam a2200277 a 4500 |
| 001 |
12784696 |
| 008 |
101206s2003 maua b 001 0 eng d |
| 010 |
|
|
|a 2002007988
|
| 020 |
|
|
|a 0631222243 (alk. paper)
|
| 020 |
|
|
|a 0631222251 (pbk. : alk. paper)
|
| 040 |
|
|
|a DLC
|c DLC
|d DLC
|d BD-DhAAL
|
| 082 |
0 |
0 |
|a 306.44
|2 21
|
| 100 |
1 |
|
|a Milroy, Lesley.
|
| 245 |
1 |
0 |
|a Sociolinguistics :
|b method and interpretation /
|c Lesley Milroy and Matthew Gordon.
|
| 260 |
|
|
|a Malden, MA :
|b Blackwell Pub.,
|c 2003.
|
| 300 |
|
|
|a xv, 261 p. :
|b ill. ;
|c 24 cm.
|
| 490 |
1 |
|
|a Language in society ;
|v 34
|
| 504 |
|
|
|a Includes bibliographical references (p. [230]-256) and index.
|
| 541 |
1 |
|
|e 00021541
|
| 650 |
|
0 |
|a Sociolinguistics.
|
| 700 |
1 |
|
|a Gordon, Matthew J.
|
| 830 |
|
0 |
|a Language in society (Oxford, England) ;
|v 34.
|
| 852 |
4 |
|
|a Ayesha Abed Library
|j General Shelf.
|
| 999 |
|
|
|c 10162
|d 10162
|
| 952 |
|
|
|0 0
|1 0
|2 ddc
|4 0
|6 306_440000000000000_MIL
|7 0
|9 13499
|a BRACUL
|b BRACUL
|c GEN
|d 2010-12-07
|e Karim International
|g 3700.00
|l 4
|m 39
|o 306.44 MIL
|p 3010021541
|q 2026-06-02
|r 2026-03-01
|s 2026-03-01
|t 1
|w 2010-12-07
|y BK
|
| 952 |
|
|
|0 0
|1 0
|2 ddc
|4 0
|6 306_440000000000000_MIL
|7 0
|9 13500
|a BRACUL
|b BRACUL
|c GEN
|d 2010-12-07
|e Karim International
|g 3700.00
|l 4
|m 24
|o 306.44 MIL
|p 3010021542
|r 2024-06-23
|s 2024-01-21
|t 2
|w 2010-12-07
|y BK
|